000 00687nam a2200241Ia 4500
005 20260429112136.0
008 260429s9999||||xx |||||||||||||| ||und||
020 _a9780367344894
041 _aEnglish
082 _a519.54
_bSME
100 _aSmeeton, Nigel C.
245 0 _aApplied nonparametric statistical methods /
_cNigel C. Smeeton
250 _a5th ed.
260 _aBoca Raton :
_bCRC Press,
_c2025.
300 _axiv, 461 p.; hb
440 _aChapman & Hall/CRC texts in statistical science
650 _a Nonparametric
650 _aStatistical methods
700 _a Spencer, Neil H.
700 _a Sprent, Peter
700 _aBlitzein, Joseph K
942 _cTB
999 _c52561
_d52561